| 000 | 00400cam a22001337a 4500 | ||
|---|---|---|---|
| 008 | 180718b2000 xxu||||| |||| 00| 0 eng d | ||
| 082 | _aA81x54 91/5/11 | ||
| 100 | _aCensus of India 1991 | ||
| 245 | _aBihar: census atlas | ||
| 260 |
_aDelhi _bThe Controller of Publications _c2000 |
||
| 300 | _a195+p. | ||
| 440 | _aCensus of India 1991. Series-5, Bihar. Part-XI | ||
| 650 | _aBihar - Atlases - Census | ||
| 999 |
_c490508 _d490508 |
||